000 01048nam a22002777a 4500
005 20240530110415.0
008 150303s2005 su od a 000 0 ara d
017 _a4620/1426
_bالسعودية . مكتبة الملك فهد
020 _a996040790
040 _aEG-CaGPL
041 0 _aara
082 0 4 _221
_a612
_bط/ج ج
100 1 _aجانيرى ، انيتا
_qانيتا جانيرى
245 1 2 _aالدماغ /
_cتاليف انيتا جانيرى ؛ ترجمة مركز التعريب والترجمة بمكتبة العبيكان
250 _aط1
260 _aالسعودية :
_bمكتبة العبيكان ،
_c2005
300 _a23 ص :
_bصور ؛
_c32 سم
490 0 _aجسم الانسان
650 0 4 _aجسم الانسان
650 0 4 _aالاطفال
_xتعليم
650 0 4 _aالدماغ
_xفسيولوجيا
650 0 4 _aالدماغ
710 _aمركز التعريب والترجمة بمكتبة العبيكان
_eمترجم
942 _2ddc
_cBK
999 _c60545
_d60545